| 000 | 00344nam a2200133Ia 4500 | ||
|---|---|---|---|
| 008 | 220217s9999||||xx |||||||||||||| ||und|| | ||
| 082 | _a604.2 GOP | ||
| 100 | _aGopalakrishna, K R | ||
| 245 | 0 | _aText book of engineering graphics | |
| 250 | _a27th | ||
| 260 |
_aSubhas stores _bBangalore _c2001 |
||
| 300 | _b180 | ||
| 650 | _aMECHANICHAL | ||
| 999 |
_c167420 _d167420 |
||